| 000 | 01436nam a2200421 a 4500 | ||
|---|---|---|---|
| 001 | 20454 | ||
| 003 | VRT | ||
| 005 | 20260122142506.0 | ||
| 008 | 960531q1995 xo 000 p slo c | ||
| 020 | _a8088834155 (brož.) | ||
| 035 | _aUKB000184605 | ||
| 039 | 9 |
_a202512231150 _bbakicovv |
|
| 040 |
_aBAA001 _bslo _cBAA001 _eAACR2 |
||
| 041 | 1 | _aslo | |
| 044 |
_axo _cSK |
||
| 080 | _a82-93-141 | ||
| 243 | 1 | 0 | _aStredoveká kresťanská literatúra |
| 245 | 1 | 0 |
_aSvätá láska _bvýber zo stredovekej kresťanskej literatúry _c[prel. Ján Kováč, Metod Lucký] |
| 260 |
_aRohovce _bInterpopulart Slovakia _c[1995] |
||
| 300 | _a110 s | ||
| 490 | 1 |
_aPopulart. Študentská knižnica _v16 |
|
| 500 | _aStredoveká kresťanská literatúra | ||
| 505 | 1 | _aObs.: Amor Sanctus ; Vyznania / Augustinus Aurelius ; Vybrané spisy / Sv. František z Assisi | |
| 650 | 0 | 7 | _aliteratúra stredoveká kresťanská |
| 650 | 0 | 7 | _ahymnusy |
| 653 | _a82-93-141 | ||
| 700 | 0 |
_aAugustinus Aurelius _csanctus _d354-430 _4aut |
|
| 700 | 0 |
_aFranciscus de Assisi _csanctus _4aut |
|
| 700 | 1 |
_aKováč, Ján _4trl |
|
| 700 | 1 |
_aLucký, Metod _4trl |
|
| 760 | 1 | _tPopulart. Študentská knižnica | |
| 830 | 0 |
_aPopulart. Študentská knižnica _v16 |
|
| 910 | _aukb | ||
| 942 |
_2ddc _cKLDO _n0 |
||
| 949 |
_61800004743 _a30.D.64309 _bPV.1815-96 |
||
| 949 |
_61800004742 _aSL.D.23149 _bPV.1816-96 |
||
| 949 |
_61800006913 _a30.D.64309 _bKD.172-96 |
||
| 999 |
_c20454 _d20454 |
||